000 00468nam a22001697a 4500
999 _c7794
_d7795
008 190405b ||||| |||| 00| 0 eng d
020 _a9780198729884
082 _a610.73 L85o 2014
100 _aLongmore, Murray.
245 _aOxford Handbook of Clinical Medicine
260 _aNew Delhi ;
_bOxford University press,
_c2014.
300 _a902 p.
_c18 cm.
700 _aWilkinson, Ian B.
700 _aBaldwin, Andrew
700 _aWallin, Elizabeth
942 _2ddc